[Event "AI Cup Div 2 L"]
[Site "chess.com INT"]
[Date "2023.09.26"]
[Round "1.2"]
[White "Eljanov, Pavel"]
[Black "Gledura, Benjamin"]
[Result "1-0"]
[WhiteTitle "GM"]
[BlackTitle "GM"]
[WhiteElo "2695"]
[BlackElo "2633"]
[WhiteFideId "14102951"]
[BlackFideId "712779"]
[EventDate "2023.09.26"]
[EventType "k.o."]

1. Nf3 d5 2. e3 Nf6 3. b3 Bf5 4. Be2 h6 5. Ba3 Nbd7 6. c4 e6 7. Bxf8 Nxf8 8. Nc3
c6 9. O-O N8d7 10. d4 O-O 11. Qc1 Qe7 12. Qb2 a5 13. a3 Bg4 14. h3 Bh5 15. Rac1
Ne4 16. Rfe1 Nxc3 17. Rxc3 Nf6 18. Ne5 Bxe2 19. Rxe2 Nd7 20. Nd3 Rfd8 21. Rc1
Rac8 22. c5 Re8 23. f4 Rb8 24. Qc3 b6 25. b4 axb4 26. axb4 bxc5 27. bxc5 Nf6 28.
Ne5 Qc7 29. Ra1 Ra8 30. Rea2 Qb7 31. Qc2 Rxa2 32. Qxa2 Qb4 33. Nxc6 Qc3 34. Qa3
Qd2 35. Qc1 Qd3 36. Ne5 Qe2 37. Qe1 Qb2 38. Rb1 Qa2 39. c6 Rc8 40. Qc1 Ne4 41.
Rb2 Qa3 42. Rc2 Qxc1+ 43. Rxc1 f6 44. Nd3 Kf7 45. Nb4 Nd6 46. Ra1 Rb8 47. Ra7+
Kg6 48. Rd7 Rxb4 49. Rxd6 Kf5 50. Kf2 h5 51. Rd7 g5 52. fxg5 fxg5 53. c7 Rc4 54.
Ke2 g4 55. h4 e5 56. Kd3 Ke6 57. Rh7 e4+ 58. Ke2 Rc2+ 59. Kf1 g3 60. Rg7 Kf6 61.
Rxg3 Rxc7 62. Rg5 Rc3 63. Kf2 Rc2+ 64. Kg3 Re2 65. Rxd5 Rxe3+ 66. Kf4 Re2 67. g3
Kg6 68. Rg5+ Kh6 69. Re5 Kg6 70. Rg5+ Kh6 71. Re5 Kg6 72. Rxe4 Rf2+ 73. Ke3 Rf1
74. Re5 Rg1 75. Rg5+ 1-0

[Event "AI Cup Div 2 L"]
[Site "chess.com INT"]
[Date "2023.09.27"]
[Round "2.1"]
[White "Dominguez Perez, Leinier"]
[Black "Eljanov, Pavel"]
[Result "1/2-1/2"]
[WhiteTitle "GM"]
[BlackTitle "GM"]
[WhiteElo "2745"]
[BlackElo "2695"]
[WhiteFideId "3503240"]
[BlackFideId "14102951"]
[EventDate "2023.09.26"]
[EventType "k.o."]

1. e4 e5 2. Nf3 Nc6 3. Bc4 d6 4. d4 Nf6 5. dxe5 dxe5 6. Qxd8+ Nxd8 7. Nxe5 Bd6
8. Nf3 Nxe4 9. O-O Be6 10. Re1 Bxc4 11. Rxe4+ Be6 12. Nc3 a6 13. Bf4 Bxf4 14.
Rxf4 O-O 15. Re1 h6 16. Ne5 Re8 17. h4 f6 18. Nd3 Bf7 19. Rxe8+ Bxe8 20. Re4 1/2-1/2

[Event "AI Cup Div 2 L"]
[Site "chess.com INT"]
[Date "2023.09.27"]
[Round "2.1"]
[White "Duda, Jan-Krzysztof"]
[Black "Kuzubov, Yuriy"]
[Result "0-1"]
[WhiteTitle "GM"]
[BlackTitle "GM"]
[WhiteElo "2726"]
[BlackElo "2625"]
[WhiteFideId "1170546"]
[BlackFideId "14112906"]
[EventDate "2023.09.26"]
[EventType "k.o."]

1. e4 e5 2. Nf3 Nc6 3. Bb5 Nf6 4. O-O Nxe4 5. Re1 Nd6 6. Nxe5 Be7 7. Bf1 Nxe5 8.
Rxe5 O-O 9. Nc3 Ne8 10. Nd5 Bd6 11. Re1 c6 12. Ne3 Bc7 13. Nf5 d5 14. Ne7+ Kh8
15. Nxc8 Rxc8 16. d3 f5 17. Qf3 Qf6 18. Rb1 Nd6 19. b4 Rce8 20. Rxe8 Rxe8 21.
Bb2 d4 22. g3 a5 23. bxa5 Bxa5 24. a4 c5 25. h4 h6 26. Bh3 g6 27. Rf1 Kg7 28.
Bc1 g5 29. Bg2 Kg6 30. Qd5 b6 31. Bf3 Nf7 32. Qd7 Qe6 33. Qb7 Ne5 34. Bd5 Qe7
35. Qxe7 Rxe7 36. f4 Ng4 37. Bf3 gxh4 38. Bxg4 fxg4 39. f5+ Kf7 40. gxh4 h5 41.
Bg5 Re2 42. Rf2 Re1+ 43. Kg2 Re8 44. f6 Re5 45. Kg1 Be1 46. Rf1 Re2 47. Rf5 Bg3
48. Rd5 Bh2+ 49. Kf1 Rxc2 50. Rd7+ Ke6 51. Re7+ Kd5 52. f7 g3 53. Re2 Rxe2 54.
Kxe2 g2 55. f8=Q g1=Q 56. Qa8+ Ke6 57. Qc8+ Kd5 58. Qb7+ Ke5 59. Qe7+ Kd5 60.
Qb7+ Ke5 61. Qb8+ Kd5 62. Qg8+ Kc6 63. Qa8+ Kc7 64. Qa7+ Kc6 65. Qa8+ Kd7 66.
Qd5+ Bd6 67. Bf4 Qg4+ 68. Ke1 Qxf4 69. Qxh5 Qe5+ 70. Qxe5 Bxe5 71. Kd2 Ke6 72.
Kc2 Bg3 73. h5 Kf6 74. Kb3 Be1 0-1

[Event "AI Cup Div 2 L"]
[Site "chess.com INT"]
[Date "2023.09.27"]
[Round "2.1"]
[White "Keymer, Vincent"]
[Black "Niemann, Hans Moke"]
[Result "1/2-1/2"]
[WhiteTitle "GM"]
[BlackTitle "GM"]
[WhiteElo "2717"]
[BlackElo "2667"]
[WhiteFideId "12940690"]
[BlackFideId "2093596"]
[EventDate "2023.09.26"]
[EventType "k.o."]

1. Nf3 Nf6 2. g3 g6 3. Bg2 Bg7 4. O-O O-O 5. c4 c6 6. b3 d5 7. Bb2 Bg4 8. d3
Nbd7 9. Nbd2 Re8 10. h3 Bxf3 11. Nxf3 e5 12. cxd5 cxd5 13. Rc1 Qb6 14. e3 Rad8
15. Qc2 Bf8 16. Qc7 Bd6 17. Qxb6 axb6 18. d4 e4 19. Nd2 b5 20. a3 Ra8 21. Nb1 b4
22. axb4 Ra2 23. Bc3 Rc8 24. Rfd1 Nf8 25. h4 h5 26. Bf1 Ng4 27. Rd2 Rxd2 28.
Bxd2 Rxc1 29. Bxc1 Bxb4 30. Bd2 Bxd2 31. Nxd2 Nd7 32. Nb1 Nb6 33. Bh3 Nf6 34.
Nc3 Kf8 35. Kf1 Ke7 36. Ke2 Kd6 37. Kd2 Nbd7 38. Ne2 Nb8 39. Kc3 Ne8 40. Nf4 Nc7
41. Bc8 b6 42. g4 hxg4 43. Bxg4 Nc6 44. h5 gxh5 45. Bxh5 Ke7 46. Kd2 Na5 47. Kc2
Nc6 48. Kc3 Nb5+ 49. Kd2 Nc7 50. Kc3 Nb5+ 51. Kd2 Nc7 52. Kc3 1/2-1/2

[Event "AI Cup Div 2 L"]
[Site "chess.com INT"]
[Date "2023.09.27"]
[Round "2.1"]
[White "Caruana, Fabiano"]
[Black "Saric, Ivan"]
[Result "1-0"]
[WhiteTitle "GM"]
[BlackTitle "GM"]
[WhiteElo "2786"]
[BlackElo "2647"]
[WhiteFideId "2020009"]
[BlackFideId "14508150"]
[EventDate "2023.09.26"]
[EventType "k.o."]

1. c4 c6 2. Nf3 d5 3. e3 Nf6 4. Nc3 e6 5. d4 a6 6. c5 Nbd7 7. b4 b6 8. Rb1 a5 9.
a3 axb4 10. axb4 Be7 11. Be2 bxc5 12. bxc5 Ba6 13. O-O O-O 14. h3 Qc7 15. Bxa6
Rxa6 16. Qc2 e5 17. Bd2 Rfa8 18. Rb2 e4 19. Nh2 Ra1 20. Rfb1 h5 21. Nf1 Rxb1 22.
Qxb1 Bd8 23. Na2 Qc8 24. Nb4 Ba5 25. Ra2 Bxb4 26. Bxb4 Rxa2 27. Qxa2 Qb7 28. Qa5
h4 29. Qd8+ Nf8 30. Ba5 Qd7 31. Qb8 Qe8 32. Qb7 Ne6 33. Bb6 g5 34. Nh2 Kg7 35.
Ba7 Qd7 36. Qa6 g4 37. hxg4 Ng5 38. Bb8 Nxg4 39. Bf4 Nxh2 40. Kxh2 Ne6 41. Bd6
h3 42. Qe2 Ng5 43. Bf4 Qf5 44. Bxg5 Qxg5 45. Kxh3 Qh6+ 46. Kg3 f5 47. Qa6 Qg5+
48. Kh2 Qh5+ 49. Kg1 Qd1+ 50. Qf1 Qd2 51. g3 Kg6 52. Kg2 Kg5 53. Qh1 Qe2 54.
Qh4+ Kg6 55. Qf4 Qg4 56. Qd6+ Kg5 57. Qd8+ Kg6 58. Qg8+ Kf6 59. Qh7 Qf3+ 60. Kg1
Qd1+ 61. Kh2 Qf3 62. Qh6+ Kf7 63. Qf4 Qh5+ 64. Kg2 Qg4 65. f3 exf3+ 66. Qxf3 Qg5
67. g4 Ke7 68. Qf4 1-0

[Event "AI Cup Div 2 L"]
[Site "chess.com INT"]
[Date "2023.09.27"]
[Round "2.2"]
[White "Eljanov, Pavel"]
[Black "Dominguez Perez, Leinier"]
[Result "0-1"]
[WhiteTitle "GM"]
[BlackTitle "GM"]
[WhiteElo "2695"]
[BlackElo "2745"]
[WhiteFideId "14102951"]
[BlackFideId "3503240"]
[EventDate "2023.09.26"]
[EventType "k.o."]

1. c4 c5 2. g3 g6 3. Bg2 Bg7 4. Nc3 Nc6 5. d3 d6 6. a3 e6 7. Bd2 Nge7 8. Rb1 b6
9. b4 Bb7 10. b5 Na5 11. Nf3 a6 12. O-O O-O 13. Qc2 axb5 14. Nxb5 Nac6 15. Bc3
e5 16. Nd2 Nd4 17. Bxd4 Bxg2 18. Kxg2 exd4 19. Ne4 d5 20. cxd5 Nxd5 21. Qc4 Qd7
22. Rfe1 Rfe8 23. Nbd6 Re5 24. Qb5 Qg4 25. Qc6 Rf8 26. f3 Ne3+ 27. Kf2 Qh3 0-1

[Event "AI Cup Div 2 L"]
[Site "chess.com INT"]
[Date "2023.09.27"]
[Round "2.2"]
[White "Niemann, Hans Moke"]
[Black "Keymer, Vincent"]
[Result "0-1"]
[WhiteTitle "GM"]
[BlackTitle "GM"]
[WhiteElo "2667"]
[BlackElo "2717"]
[WhiteFideId "2093596"]
[BlackFideId "12940690"]
[EventDate "2023.09.26"]
[EventType "k.o."]

1. e4 c6 2. Nf3 d5 3. d3 dxe4 4. dxe4 Qxd1+ 5. Kxd1 Nd7 6. Nfd2 f5 7. Nc3 Ngf6
8. f3 g6 9. a4 Bg7 10. Bc4 Nc5 11. e5 Nh5 12. Re1 Be6 13. Bxe6 Nxe6 14. g3 O-O-O
15. a5 Bh6 16. Ra4 Rd7 17. f4 Rhd8 18. Ke2 Nd4+ 19. Rxd4 Rxd4 20. Nb3 Rc4 21.
Be3 g5 22. fxg5 Bg7 23. Bxa7 Bxe5 24. Bb6 Bxc3 25. bxc3 Re4+ 26. Be3 Rd5 27. Kf3
e5 28. Nd2 Ra4 29. Nb3 Ng7 30. h4 Ne6 31. Bb6 Rc4 32. Re3 Kd7 33. Ke2 Rg4 34.
Nd2 Ke7 35. c4 f4 36. Re4 Rd7 37. Nf1 Kf7 38. Kf3 Rxg5 39. gxf4 Rf5 40. Rxe5
Rxf4+ 41. Ke2 Rxc4 42. Ne3 Rxh4 43. Rf5+ Kg6 44. Re5 Nf4+ 45. Kf3 Nd5 46. Kg3
Ra4 47. Ng2 Kf6 48. Re2 Rg7+ 49. Kf3 Ra3+ 50. Kf2 Rxg2+ 51. Kxg2 Nf4+ 52. Kf2
Nxe2 53. Kxe2 0-1

[Event "AI Cup Div 2 L"]
[Site "chess.com INT"]
[Date "2023.09.27"]
[Round "2.2"]
[White "Saric, Ivan"]
[Black "Caruana, Fabiano"]
[Result "0-1"]
[WhiteTitle "GM"]
[BlackTitle "GM"]
[WhiteElo "2647"]
[BlackElo "2786"]
[WhiteFideId "14508150"]
[BlackFideId "2020009"]
[EventDate "2023.09.26"]
[EventType "k.o."]

1. e4 e5 2. Nf3 Nc6 3. Bb5 a6 4. Ba4 Nf6 5. d3 b5 6. Bb3 Bc5 7. c3 d6 8. Bg5 h6
9. Bh4 g5 10. Bg3 O-O 11. Nbd2 Bb6 12. Qe2 Kg7 13. h4 g4 14. Nh2 Ne7 15. h5 Nxh5
16. Nxg4 Nxg3 17. fxg3 Ng8 18. Rh5 Nf6 19. Nxf6 Qxf6 20. Nf3 Qg6 21. Nh4 Qxg3+
22. Kd2 Qf4+ 23. Kc2 Bg4 24. Qxg4+ Qxg4 25. Nf5+ Kg6 26. Rxh6+ Kg5 27. Rah1 Qe2+
28. Kb1 Rh8 29. Rxh8 Rxh8 30. Rxh8 Qxd3+ 31. Kc1 Be3+ 32. Nxe3 Qxe3+ 33. Kd1
Qg1+ 34. Kd2 Qxg2+ 35. Kd3 Qxb2 36. Bxf7 c5 37. Rh5+ Kg4 0-1

[Event "AI Cup Div 2 L"]
[Site "chess.com INT"]
[Date "2023.09.27"]
[Round "2.2"]
[White "Kuzubov, Yuriy"]
[Black "Duda, Jan-Krzysztof"]
[Result "1/2-1/2"]
[WhiteTitle "GM"]
[BlackTitle "GM"]
[WhiteElo "2625"]
[BlackElo "2726"]
[WhiteFideId "14112906"]
[BlackFideId "1170546"]
[EventDate "2023.09.26"]
[EventType "k.o."]

1. d4 Nf6 2. Nf3 g6 3. Nbd2 Bg7 4. e4 O-O 5. c3 d5 6. e5 Nh5 7. Nb3 f6 8. Be2
Nc6 9. exf6 Rxf6 10. O-O Nf4 11. Bxf4 Rxf4 12. Nc5 Qd6 13. Nd3 Rf8 14. Re1 Bf5
15. Nde5 Nxe5 16. Nxe5 Be4 17. f3 Bf5 18. Bd3 c5 19. dxc5 Qxc5+ 20. Kh1 Rad8 21.
Bxf5 Rxf5 22. Nd3 Qc7 23. Re6 b5 24. Qe2 Rd7 25. Re1 d4 26. cxd4 Bxd4 27. Rxe7
Rxe7 28. Qxe7 Qxe7 29. Rxe7 Rd5 30. Re1 Rd6 31. g3 Ra6 32. a3 Rd6 33. Kg2 Bxb2
34. Nxb2 Rd2+ 35. Kh3 Rxb2 36. Re8+ Kf7 37. Ra8 h5 38. Rxa7+ Kf6 39. g4 1/2-1/2

[Event "AI Cup Div 2 L"]
[Site "chess.com INT"]
[Date "2023.09.27"]
[Round "3.1"]
[White "Dominguez Perez, Leinier"]
[Black "Kuzubov, Yuriy"]
[Result "1/2-1/2"]
[WhiteTitle "GM"]
[BlackTitle "GM"]
[WhiteElo "2745"]
[BlackElo "2625"]
[WhiteFideId "3503240"]
[BlackFideId "14112906"]
[EventDate "2023.09.26"]
[EventType "k.o."]

1. e4 e5 2. Nf3 Nf6 3. Nxe5 d6 4. Nf3 Nxe4 5. Nc3 Nxc3 6. dxc3 Be7 7. Be3 O-O 8.
Qd2 Nd7 9. O-O-O c6 10. h4 Re8 11. Bd3 Qa5 12. a3 Nc5 13. Bxc5 Qxc5 14. Rde1 Bg4
15. Ng5 Bf5 16. Qf4 Bxg5 17. Qxg5 Bxd3 18. Qxc5 dxc5 19. cxd3 Kf8 20. Re4 Red8
21. Kc2 Rd7 22. Rh3 Rad8 23. b4 cxb4 24. axb4 Rd5 25. c4 Rf5 26. f4 h5 27. d4 a5
28. bxa5 1/2-1/2

[Event "AI Cup Div 2 L"]
[Site "chess.com INT"]
[Date "2023.09.27"]
[Round "3.1"]
[White "Keymer, Vincent"]
[Black "Caruana, Fabiano"]
[Result "0-1"]
[WhiteTitle "GM"]
[BlackTitle "GM"]
[WhiteElo "2717"]
[BlackElo "2786"]
[WhiteFideId "12940690"]
[BlackFideId "2020009"]
[EventDate "2023.09.26"]
[EventType "k.o."]

1. Nf3 d5 2. g3 Nf6 3. Bg2 e6 4. d4 Be7 5. c4 O-O 6. Nc3 dxc4 7. Ne5 Nc6 8. Bxc6
bxc6 9. Nxc6 Qe8 10. Nxe7+ Qxe7 11. Qa4 Nd5 12. O-O a5 13. Bd2 Rd8 14. Rfe1 Nb4
15. a3 Rxd4 16. Bg5 f6 17. Bxf6 gxf6 18. axb4 Bd7 19. Qa3 a4 20. Rad1 e5 21. Nd5
Qd6 22. Qf3 Rf8 23. e3 Bg4 24. Nxf6+ Rxf6 25. Qa8+ Rf8 26. Rxd4 exd4 27. Qe4 Bf3 0-1

[Event "AI Cup Div 2 L"]
[Site "chess.com INT"]
[Date "2023.09.27"]
[Round "3.2"]
[White "Caruana, Fabiano"]
[Black "Keymer, Vincent"]
[Result "1-0"]
[WhiteTitle "GM"]
[BlackTitle "GM"]
[WhiteElo "2786"]
[BlackElo "2717"]
[WhiteFideId "2020009"]
[BlackFideId "12940690"]
[EventDate "2023.09.26"]
[EventType "k.o."]

1. e4 c6 2. Nc3 d5 3. Nf3 Bg4 4. h3 Bxf3 5. Qxf3 e6 6. d4 Nf6 7. a3 Qb6 8. Bd3
Qxd4 9. Be3 Qe5 10. Bf4 Qh5 11. g4 dxe4 12. Nxe4 Qd5 13. Nxf6+ gxf6 14. Be4 Qc4
15. Bd3 Qd5 16. Be4 Qb5 17. Bd3 Qa5+ 18. Bd2 Qe5+ 19. Be4 Nd7 20. Bc3 Qg5 21. h4
Qc5 22. O-O-O Be7 23. g5 Qc4 24. gxf6 Bc5 25. Kb1 O-O-O 26. Bxc6 Qa6 27. Bxd7+
Rxd7 28. Rxd7 Kxd7 29. Rd1+ Kc8 30. Qh5 Qc6 31. Qxf7 Bxa3 32. bxa3 Qxc3 33. Qd7+
Kb8 34. f7 Qc8 35. Qxc8+ Kxc8 36. Rg1 1-0

[Event "AI Cup Div 2 L"]
[Site "chess.com INT"]
[Date "2023.09.27"]
[Round "3.2"]
[White "Kuzubov, Yuriy"]
[Black "Dominguez Perez, Leinier"]
[Result "1/2-1/2"]
[WhiteTitle "GM"]
[BlackTitle "GM"]
[WhiteElo "2625"]
[BlackElo "2745"]
[WhiteFideId "14112906"]
[BlackFideId "3503240"]
[EventDate "2023.09.26"]
[EventType "k.o."]

1. d4 Nf6 2. Nf3 d5 3. c4 e6 4. Nc3 c5 5. cxd5 cxd4 6. Qxd4 exd5 7. Bg5 Be7 8.
e3 O-O 9. Bb5 a6 10. Ba4 Nc6 11. Qd3 Bg4 12. Bxc6 bxc6 13. Ne5 Qc8 14. Bxf6 Bxf6
15. Nxg4 Qxg4 16. O-O Qb4 17. Rab1 Bxc3 18. bxc3 Qa4 19. Qd2 Rfb8 20. g3 Rb5 21.
Rb2 Rab8 22. Rfb1 g6 23. Rb4 Qa5 24. Kg2 1/2-1/2

[Event "AI Cup Div 2 L"]
[Site "chess.com INT"]
[Date "2023.09.27"]
[Round "3.3"]
[White "Dominguez Perez, Leinier"]
[Black "Kuzubov, Yuriy"]
[Result "0-1"]
[WhiteTitle "GM"]
[BlackTitle "GM"]
[WhiteElo "2745"]
[BlackElo "2625"]
[WhiteFideId "3503240"]
[BlackFideId "14112906"]
[EventDate "2023.09.26"]
[EventType "k.o."]

1. e4 e5 2. Nf3 Nc6 3. Bc4 Be7 4. O-O Nf6 5. d3 O-O 6. Nc3 d6 7. a4 Be6 8. Nd5
Bxd5 9. exd5 Nb8 10. Re1 c6 11. dxc6 bxc6 12. Bb3 Nbd7 13. d4 e4 14. Nd2 d5 15.
f3 exf3 16. Nxf3 Bd6 17. c4 Rb8 18. Qd3 Re8 19. Rxe8+ Qxe8 20. cxd5 cxd5 21. Ba2
h6 22. Bd2 Rxb2 23. Re1 Qb8 24. Ra1 Ne4 25. Bc1 Ndf6 26. Bxb2 Qxb2 27. Qf1 Ng4
28. Bxd5 Bxh2+ 29. Nxh2 Qxd4+ 0-1

[Event "AI Cup Div 2 L"]
[Site "chess.com INT"]
[Date "2023.09.28"]
[Round "4.1"]
[White "Sarana, Alexey"]
[Black "Kuzubov, Yuriy"]
[Result "1/2-1/2"]
[WhiteTitle "GM"]
[BlackTitle "GM"]
[WhiteElo "2693"]
[BlackElo "2625"]
[WhiteFideId "24133795"]
[BlackFideId "14112906"]
[EventDate "2023.09.26"]
[EventType "k.o."]

1. d4 g6 2. e4 Bg7 3. c4 d6 4. Nc3 Nc6 5. Be3 e5 6. d5 Nd4 7. Nge2 Nxe2 8. Bxe2
f5 9. exf5 gxf5 10. f4 e4 11. Bd4 Nf6 12. Qd2 O-O 13. Nd1 c5 14. dxc6 bxc6 15.
Ne3 Be6 16. O-O a5 17. Rad1 a4 18. Kh1 d5 19. cxd5 Nxd5 20. Bc4 Rb8 21. Bxd5
Bxd5 22. Bxg7 Kxg7 23. Qc3+ Kg8 24. Nc4 Rb7 25. Rfe1 Qf6 26. Ne5 Bxa2 27. Rd4
Bd5 28. Rxa4 Rb3 29. Qd4 Qh4 30. Rg1 Qe7 31. Ra7 Rb7 32. Rxb7 Qxb7 33. h3 Rb8
34. Rb1 Qb6 35. Qd2 e3 36. Qe1 Qd4 37. Qg3+ Kh8 38. Qg5 Qe4 39. Ra1 e2 40. Qf6+
Kg8 41. Qg5+ Kh8 42. Kh2 e1=Q 43. Qf6+ Kg8 44. Qg5+ Kh8 45. Rxe1 Qxe1 46. Qf6+
Kg8 47. Qg5+ Kh8 48. Qf6+ Kg8 49. Qg5+ Kh8 1/2-1/2

[Event "AI Cup Div 2 L"]
[Site "chess.com INT"]
[Date "2023.09.28"]
[Round "4.1"]
[White "Andreikin, Dmitry"]
[Black "Caruana, Fabiano"]
[Result "0-1"]
[WhiteTitle "GM"]
[BlackTitle "GM"]
[WhiteElo "2729"]
[BlackElo "2786"]
[WhiteFideId "4158814"]
[BlackFideId "2020009"]
[EventDate "2023.09.26"]
[EventType "k.o."]

1. Nf3 d5 2. g3 Nf6 3. Bg2 e6 4. O-O Be7 5. d3 a5 6. Bf4 a4 7. e4 O-O 8. e5 Nfd7
9. h4 b5 10. Nbd2 a3 11. b3 b4 12. Nh2 c5 13. Ndf3 Nc6 14. Ng4 Bb7 15. Qd2 Rc8
16. h5 h6 17. Rad1 Re8 18. Rfe1 Bf8 19. Ngh2 f6 20. exf6 Qxf6 21. Bh3 Qf7 22.
Re2 e5 23. Bxd7 Qxd7 24. Bxe5 d4 25. Qf4 Nxe5 26. Nxe5 Qd5 27. f3 Bd6 28. Rde1
Re7 29. Nhg4 Rce8 30. Qf5 Qe6 31. Qxe6+ Rxe6 32. f4 Bf3 33. Kf2 Bxe2 34. Rxe2
Rf8 35. Kf3 Rf5 36. Ke4 Rxh5 37. Kd5 Rg6 38. Rh2 Rxh2 39. Nxg6 Rxc2 40. Kxd6
Rxa2 41. f5 Re2 0-1

[Event "AI Cup Div 2 L"]
[Site "chess.com INT"]
[Date "2023.09.28"]
[Round "4.2"]
[White "Kuzubov, Yuriy"]
[Black "Sarana, Alexey"]
[Result "1-0"]
[WhiteTitle "GM"]
[BlackTitle "GM"]
[WhiteElo "2625"]
[BlackElo "2693"]
[WhiteFideId "14112906"]
[BlackFideId "24133795"]
[EventDate "2023.09.26"]
[EventType "k.o."]

1. Nf3 d5 2. g3 g6 3. c4 c6 4. Qa4 Nd7 5. cxd5 cxd5 6. Nc3 Nf6 7. d4 Bg7 8. Bg2
O-O 9. O-O Nb6 10. Qb3 Bf5 11. Bf4 Ne4 12. Rac1 Nd6 13. Nxd5 Nxd5 14. Qxd5 Be6
15. Qc5 Bxa2 16. Nd2 Be6 17. e3 Qd7 18. Bxd6 exd6 19. Qc7 Qb5 20. Qxb7 Rab8 21.
Qxa7 Rfd8 22. b3 Qd3 23. Qa2 Rdc8 24. Rfe1 h5 25. Bf1 Qf5 26. Nc4 Rd8 27. Qc2
Qxc2 28. Rxc2 Rxb3 29. Nd2 Rb6 30. Rec1 Bf6 31. h4 Rdb8 32. Bg2 Kf8 33. Bf3 Be7
34. Kg2 Bf5 35. Be4 Be6 36. Nf3 Rb5 37. Ng1 g5 38. hxg5 Bxg5 39. Nf3 Be7 40. Rh1
Kg7 41. Nh4 Kf6 42. Bf3 Rh8 43. Rd1 Kg7 44. d5 Bc8 45. Rdc1 Rb8 46. Rc4 Bd7 47.
Re4 Bf6 48. Rc7 Rbd8 49. Rb4 Kf8 50. Rbb7 Bxh4 51. gxh4 Be8 52. Kg3 Ra8 53. Rb4
Rh6 54. Be4 Rf6 55. f3 Kg7 56. Rb2 Kf8 57. Rbc2 Kg7 58. Rc8 Rxc8 59. Rxc8 Bb5
60. Rb8 Ba4 61. Kf2 Bd7 62. Rd8 Bb5 63. f4 Bc4 64. Kg3 Bb3 65. f5 Bd1 66. Kf4
Rh6 67. Kg5 f6+ 68. Kf4 Rh8 69. Rd7+ Kf8 70. Rxd6 Ke7 71. Re6+ Kf7 72. Rb6 Ra8
73. d6 Ra4 74. d7 Ke7 75. d8=Q+ Kxd8 76. Rd6+ Ke7 77. Rxd1 Ra2 78. Bf3 Ra4+ 79.
e4 Ra8 80. Bxh5 Rh8 81. Bg4 Rxh4 82. Ra1 Rh2 83. Ra7+ Kf8 84. e5 Rf2+ 85. Kg3
Rb2 86. e6 Kg8 87. e7 Rb8 88. Bh5 1-0

[Event "AI Cup Div 2 L"]
[Site "chess.com INT"]
[Date "2023.09.28"]
[Round "5.1"]
[White "Kuzubov, Yuriy"]
[Black "Caruana, Fabiano"]
[Result "1-0"]
[WhiteTitle "GM"]
[BlackTitle "GM"]
[WhiteElo "2625"]
[BlackElo "2786"]
[WhiteFideId "14112906"]
[BlackFideId "2020009"]
[EventDate "2023.09.26"]
[EventType "k.o."]

1. d4 Nf6 2. Nf3 d5 3. c4 e6 4. Nc3 Bb4 5. Bg5 h6 6. Bxf6 Qxf6 7. e3 c5 8. cxd5
exd5 9. Bb5+ Bd7 10. Qa4 Bxb5 11. Qxb5+ Qc6 12. Qxc6+ bxc6 13. Rc1 Nd7 14. Ke2
c4 15. b3 cxb3 16. axb3 Bd6 17. Na4 Rc8 18. Ne1 Ke7 19. Nd3 Rc7 20. Rc3 Rhc8 21.
Rhc1 h5 22. h4 g6 23. Ra1 Rb8 24. Rac1 Rbc8 25. b4 Ke6 26. Ra1 Rb8 27. Nac5+
Bxc5 28. bxc5 Rbb7 29. Rca3 f6 30. Rh1 Kf7 31. Kf3 Nf8 32. Rha1 Ne6 33. Ra6 Ke7
34. R1a4 Kd7 35. Nf4 Nxf4 36. Kxf4 Kc8 37. f3 Kb8 38. e4 dxe4 39. fxe4 Rb2 40.
Ra2 Rb1 41. Rf2 Rd1 42. Ra4 Rb7 43. Kg3 Rf7 44. e5 Rd3+ 45. Kh2 f5 46. Re2 Rb3
47. Ra6 Rb4 48. e6 Re7 49. Rxc6 Rxd4 50. g3 Re4 51. Rxe4 fxe4 52. Kg2 Kb7 53.
Rd6 a5 54. Kf2 a4 55. Ke3 a3 56. Rb6+ Ka7 57. Rb3 a2 58. Ra3+ Kb7 59. Rxa2 Rxe6
60. Rb2+ Kc7 61. Rb6 Re5 62. Rxg6 Rxc5 63. Kxe4 Kd7 64. Rg5 Rxg5 65. hxg5 Ke6
66. Kf4 Ke7 67. Ke5 Kf7 68. Kf5 Kg7 69. g6 Kg8 70. Kg5 1-0

[Event "AI Cup Div 2 L"]
[Site "chess.com INT"]
[Date "2023.09.28"]
[Round "5.2"]
[White "Caruana, Fabiano"]
[Black "Kuzubov, Yuriy"]
[Result "0-1"]
[WhiteTitle "GM"]
[BlackTitle "GM"]
[WhiteElo "2786"]
[BlackElo "2625"]
[WhiteFideId "2020009"]
[BlackFideId "14112906"]
[EventDate "2023.09.26"]
[EventType "k.o."]

1. d4 Nf6 2. c4 e6 3. Nc3 d5 4. cxd5 exd5 5. Bg5 c6 6. e3 Be7 7. Bd3 Nbd7 8. Nf3
Nh5 9. Bxe7 Qxe7 10. O-O g6 11. Re1 O-O 12. Qc2 Ndf6 13. Ne5 Ng7 14. f3 Be6 15.
Qf2 Rad8 16. Bf1 h5 17. Rad1 Nd7 18. Nd3 Qf6 19. b4 Bf5 20. e4 dxe4 21. fxe4 Bg4
22. Rd2 Qxf2+ 23. Kxf2 Rfe8 24. a4 Nf8 25. d5 cxd5 26. Nxd5 Nd7 27. Nc5 Nxc5 28.
bxc5 Kf8 29. Rb2 Bc8 30. a5 Ne6 31. Rc2 Ng5 32. Nf6 Re5 33. a6 bxa6 34. h4 Ne6
35. c6 Nd4 36. Rc4 Rd6 37. Nh7+ Kg7 38. Ng5 Nxc6 39. Nf3 Re8 40. e5 Rde6 41. Rc5
Bb7 42. Bc4 R6e7 43. Kg3 Rd8 44. e6 fxe6 45. Ng5 Nd4 46. Rd1 Nf5+ 0-1

[Event "AI Cup Div 2 L"]
[Site "chess.com INT"]
[Date "2023.09.28"]
[Round "6.1"]
[White "Artemiev, Vladislav"]
[Black "Kuzubov, Yuriy"]
[Result "1-0"]
[WhiteTitle "GM"]
[BlackTitle "GM"]
[WhiteElo "2697"]
[BlackElo "2625"]
[WhiteFideId "24101605"]
[BlackFideId "14112906"]
[EventDate "2023.09.26"]
[EventType "k.o."]

1. d4 Nf6 2. c4 e6 3. Nc3 d5 4. cxd5 exd5 5. Bf4 Bd6 6. Bxd6 Qxd6 7. e3 Bf5 8.
Qf3 Bg6 9. Nge2 Nc6 10. Nf4 Ne7 11. h4 Be4 12. Qd1 h5 13. Nxe4 Nxe4 14. a3 g6
15. Bd3 Nf6 16. Rc1 O-O 17. g3 c6 18. Kf1 Rae8 19. Kg2 Nc8 20. b4 Qd7 21. a4 a6
22. b5 axb5 23. axb5 Nd6 24. bxc6 bxc6 25. Qa4 Rc8 26. Rc2 Nf5 27. Bxf5 Qxf5 28.
Rhc1 Qe4+ 29. Kg1 Ng4 30. Rxc6 Qf3 31. Qa2 Rxc6 32. Rxc6 Rb8 33. Rc1 Nxe3 34.
Qa3 Re8 35. Re1 g5 36. hxg5 h4 37. Rxe3 Qd1+ 38. Kg2 1-0